<La> supply chain 60 outils pour améliorer ses pratiques

Enregistré dans:
Détails bibliographiques
Auteur principal: de Bary, Melchior
Autres auteurs: Moreau, Thomas
Format: Livre
Langue:français
Publié: Paris Vuibert 2017
Collection:Collection Lire Agir
Sujets:
Tags: Ajouter un tag
Pas de tags, Soyez le premier à ajouter un tag!

MARC

LEADER 00000nam a2200000 4500
001 0235039
005 20240221113224.2
020 |a 978-2-311-62153-2 
041 0 |a fre 
044 |a FR 
245 1 0 |a <La> supply chain  |b 60 outils pour améliorer ses pratiques  |c Melchior <de> Bary, Thomas Moreau 
264 1 |a Paris  |b Vuibert  |c 2017 
300 |a 251 s. 
490 1 |a Collection Lire Agir 
830 0 |a Collection Lire Agir 
610 2 0 |a reťazce dodávateľsko-odberateľské 
610 2 0 |a plánovanie 
610 2 0 |a obstarávanie 
610 2 0 |a výroba 
610 2 0 |a logistika 
610 2 0 |a doprava 
610 2 0 |a marketing 
610 2 0 |a predaj 
100 1 |a de Bary, Melchior 
700 1 |a Moreau, Thomas